000 01382nam0a22002891 4500
001 rc\4093414
005 20260407071831.0
021 _aRU
_b[53-32928]
035 _a(NLR Aleph) 008134058
090 _a9442300
_c9442300
100 _a20130415d1953 |||y0rusy50 ca
101 0 _arus
102 _aRU
105 _ay z |||||
200 1 _aПродвижение южных сельскохозяйственных культур на север
_eКраткий рекоменд. список литературы
_fГос. ордена Труд. Красного Знамени публичная б-ка им. М.Е. Салтыкова-Щедрина
210 _aЛенинград
_cБ. и.
_d1953
215 _a7 с.
_d19
300 _aСост. указан в вып. дан.
606 _aСельскохозяйственные культуры
_xСорта южные
_xПродвижение на север
_jБиблиография
_2psbo
700 1 _4220
_7ca
_8rus
_aГнучева
_bВ. В.
_f1914-1980
_gВера Владимировна
_9213892
_3RU\NLR\AUTH\770213948
712 0 2 _aПубличная библиотека им. М. Е. Салтыкова-Щедрина
_cЛенинград
_3RU\NLR\AUTH\88594
_9272032
801 0 _aRU
_bNLR
_gpsbo
801 1 _aRU
_bELAR
_2rusmarc
852 _aNLR
_jС369-660/Г-56
942 _cBOOK
980 _aNB